00620nam a2200121Ia 4500008004100000082002200041100001500063245012100078260005100199365000600250630012100256730012100377100415s9999 xx 000 0 und d b10166a595.76(54) aFowler WW aThe Fauna of British India including Ceylon and Burma Coleoptera General Introduction and Cicindelidae and Paussidae aNEW DELHIc1912bTODAY & TOMORROW'S PRINTERS & b0 aThe Fauna of British India including Ceylon and Burma Coleoptera General Introduction and Cicindelidae and Paussidae aThe Fauna of British India including Ceylon and Burma Coleoptera General Introduction and Cicindelidae and Paussidae